Southville International School and Colleges
Your cart is empty.
  • Cart
  • Lists
    Public lists Eva Luna New books Lux_list list_1
    Your lists Log in to create your own lists
  • Log in to your account
  • Your cookies
  • Search history
Southville International School and Colleges
  • Advanced search
  • Recent comments
  • Most popular
  • Libraries

Log in to your account

Log in with GOOGLE


If you do not have an external account, but do have a local account, you can still log in:

  1. Home
  2. MARC view: IB world schools :
Normal view MARC view ISBD view

IB world schools : (Record no. 2985)

[ view plain ]
MARC details
000 -LEADER
fixed length control field 00537nam a22002057a 4500
003 - CONTROL NUMBER IDENTIFIER
control field OSt
005 - DATE AND TIME OF LATEST TRANSACTION
control field 20140310181746.0
008 - FIXED-LENGTH DATA ELEMENTS--GENERAL INFORMATION
fixed length control field 130622t xxu||||| |||| 00| 0 eng d
020 ## - INTERNATIONAL STANDARD BOOK NUMBER
International Standard Book Number 1904724329
050 ## - LIBRARY OF CONGRESS CALL NUMBER
Classification number LB 2351
Item number .H662 2006
082 ## - DEWEY DECIMAL CLASSIFICATION NUMBER
Classification number IB 373
Item number Ib1 2006
100 ## - MAIN ENTRY--PERSONAL NAME
Personal name Hindes, Emma
245 ## - TITLE STATEMENT
Title IB world schools :
Remainder of title yearbook 2006 /
Statement of responsibility, etc Emma Hindes.
260 ## - PUBLICATION, DISTRIBUTION, ETC. (IMPRINT)
Place of publication, distribution, etc Saxmundham
Name of publisher, distributor, etc John Catt Educational Ltd
Date of publication, distribution, etc 2006
300 ## - PHYSICAL DESCRIPTION
Extent 303 p. :
Other physical details ill. ;
Dimensions 30 cm.
562 ## - COPY AND VERSION IDENTIFICATION NOTE
Number of copies 2
942 ## - ADDED ENTRY ELEMENTS (KOHA)
Source of classification or shelving scheme Library of Congress Classification
Koha item type Books
Holdings
Withdrawn status Lost status Source of classification or shelving scheme Damaged status Home library Current library Shelving location Date acquired Total Checkouts Full call number Barcode Date last seen Copy number Price effective from Koha item type Date checked out
    Library of Congress Classification   Luxembourg Library Luxembourg Library International Baccalaureate Section 06/22/2013   LB 2351 .H662 2006 14632 08/13/2013 1 06/22/2013 Books  
    Library of Congress Classification   Luxembourg Library Luxembourg Library International Baccalaureate Section 06/22/2013 1 LB 2351 .H662 2006 14631 09/20/2017 2 06/22/2013 Books 09/20/2017

IB world schools :

APA

Hindes E., . (2006). IB world schools. Saxmundham: John Catt Educational Ltd.

Chicago

Hindes Emma, . 2006. IB world schools. Saxmundham: John Catt Educational Ltd.

Harvard

Hindes E., . (2006). IB world schools. Saxmundham: John Catt Educational Ltd.

MLA

Hindes Emma, . IB world schools. Saxmundham: John Catt Educational Ltd. 2006.

  • Place hold
  • Print
  • Cite
  • Add to your cart (remove)
  • Save record
    BIBTEX Dublin Core MARCXML MARC (non-Unicode/MARC-8) MARC (Unicode/UTF-8) MARC (Unicode/UTF-8, Standard) MODS (XML) RIS
  • More searches
    Search for this title in:
    Other Libraries (WorldCat) Other Databases (Google Scholar) Online Stores (Bookfinder.com) Open Library (openlibrary.org)

Exporting to Dublin Core...

SOUTHVILLE LIBRARY

Southville International School and Colleges Library

1281 Tropical Ave. Cor. Luxembourg St., BF Homes International, Las Pinas City

Tel. No. 8256374 / 252358 Loc. 117/146

Powered by Koha